000 00639cam a22001574a 4500
020 _a9280810871
050 0 0 _aS494.5.A43
_bA48 2003
245 0 0 _aAgrodiversity
_blearning from farmers across the world
_cedited by Harold Brookfield, Helen Parsons, and Muriel Brookfield.
260 _aTokyo ;
_aNew York :
_bUnited Nations University Press :
_bUNEP :
_bGEF,
_cc2003.
300 _axxiii, 343 p.
500 _aSome of the finds of the international project Project on People, Land Management and Environmental Change--Prelim. p.
700 1 _aBrookfield, H. C.
700 1 _aParsons, Helen.
700 1 _aBrookfield, Muriel.
942 _cGEN
999 _c1292
_d1292